| 000 | 01167nam a22002897a 4500 | ||
|---|---|---|---|
| 003 | OSt | ||
| 005 | 20260622103929.0 | ||
| 008 | 260622b |||||||| |||| 00| 0 eng d | ||
| 020 | _a9788434889026 | ||
| 037 | _bDonación | ||
| 040 |
_aCO-JMCR _bspa _cCO-JMCR _dCO-JMCR _erda |
||
| 041 | 1 |
_aspa _heng |
|
| 082 | 0 | 4 |
_aN _bSIMp |
| 100 | 1 |
_aSimon, Francesca, _944642 |
|
| 245 | 1 | 0 |
_aPablo Diablo / _cFrancesca Simon. |
| 300 |
_a95 páginas : _bilustraciones en blanco y negro ; _c19 cm. |
||
| 440 |
_aEl barco de vapor ; _944643 |
||
| 520 | 3 | _aPablo Diablo era un auténtico diablo. Todo el mundo lo decía. Pero un día Pablo decidió convertirse en un niño perfecto, como su hermoano roberto. | |
| 650 | 7 |
_2JMCR _aNovela infantil estadounidense _ySiglo XX _944644 |
|
| 650 | 7 |
_2JMCR _aLiteratura infantil estadounidense _ySiglo XX _944645 |
|
| 650 | 7 |
_2JMCR _aRelación madre e hijo en la literatura _944646 |
|
| 650 | 7 |
_2JMCR _aHermanos en la literatura _944647 |
|
| 650 | 7 |
_2JMCR _aTravesuras en la literatura _97867 |
|
| 650 | 7 |
_2JMCR _aRivalidad entre hermanos en la literatura _944648 |
|
| 700 | 1 |
_aRoss, Tony, _d1938- _eilustrador _944649 |
|
| 942 |
_2ddc _cBK |
||
| 999 |
_c31184 _d17568 |
||